[Event "Druzynowe Mistrzostwa Polski - II Liga 2023"]
[Site "Jastrzebia Gora"]
[Date "1899-12-30"]
[Round "3.37"]
[White "Kolosowski, Pawel"]
[Black "Baum, Jonasz"]
[Result "0-1"]
[WhiteTitle "m"]
[BlackTitle "IM"]
[WhiteElo "2141"]
[BlackElo "2436"]

1. e4 c5 2. Nf3 d6 3. d3 Nc6 4. Nbd2 g6 5. g3 Bg7 6. Bg2 e5 7. O-O Nge7 8. Nc4
O-O 9. Nh4 Be6 10. f4 exf4 11. gxf4 f5 12. exf5 Nxf5 13. Nxf5 Bxf5 14. Ne3 Be6
15. Nd5 Qd7 16. c3 Rf5 17. Ne3 Rf7 18. Qf3 Raf8 19. Qg3 d5 20. Bd2 d4 21. Nc2
dxc3 22. Bxc3 b6 23. Bxg7 Kxg7 24. Be4 Nd4 25. Nxd4 Qxd4+ 26. Kh1 Qxb2 27. Rae1
Bf5 28. Bxf5 Rxf5 29. Re7+ R8f7 30. Rfe1 Qxa2 31. Qh4 Qd5+ 32. R1e4 Qxd3 33. Kg2
Qd5 34. Kg3 c4 35. Rxf7+ Rxf7 36. Re5 Qd3+ 37. Kg2 c3 38. f5 Qd2+ 39. Kh3 Qd7
40. Kg2 Qc6+ 41. Kg3 c2 42. Qd4 Qf6 0-1

[Event "Druzynowe Mistrzostwa Polski - II Liga 2023"]
[Site "Jastrzebia Gora"]
[Date "1899-12-30"]
[Round "3.38"]
[White "Sidorczuk, Pawel"]
[Black "Garbowski, Jakub"]
[Result "1/2-1/2"]
[WhiteTitle "I+"]
[BlackTitle "k"]
[WhiteElo "2123"]
[BlackElo "2129"]

1. e4 e5 2. Nf3 Nf6 3. Nxe5 d6 4. Nf3 Nxe4 5. d4 d5 6. Bd3 Bd6 7. O-O O-O 8. c4
c6 9. Nc3 Nxc3 10. bxc3 dxc4 11. Bxc4 Bf5 12. h3 h6 13. Bd3 Qf6 14. Rb1 b6 15.
Be3 Nd7 16. c4 Rad8 17. Bxf5 Qxf5 18. Qa4 c5 19. Qxa7 Ra8 20. Qb7 Rxa2 21. Nh4
Qe6 22. d5 Qe5 23. g3 Rd8 24. Bf4 Qf6 25. Bxd6 Qxd6 26. Qc6 Ne5 27. Qxd6 Rxd6
28. Nf5 Rf6 29. Ne3 Nf3+ 30. Kg2 Nd2 31. Ra1 Rb2 32. Ra8+ Kh7 33. Rfa1 h5 34.
Re8 Nb3 35. Rf1 Re2 36. g4 Nd2 37. g5 Rf4 38. Kg3 Rf3+ 39. Kg2 h4 40. d6 Rg3+
41. Kh1 Rxh3+ 42. Kg2 Rg3+ 43. Kh1 Nf3 44. Ng4 Rh3+ 45. Kg2 Rxe8 46. Kxh3 Rd8
47. Rd1 Nxg5+ 48. Kxh4 Ne4 49. d7 g5+ 50. Kh5 Kg7 51. Nh6 Rxd7 52. Rxd7 Nf6+ 53.
Kxg5 Nxd7 54. Ng4 f6+ 55. Kf5 Kf7 56. f3 Ke7 57. f4 Kd6 58. Nxf6 Nxf6 59. Kxf6
b5 60. Kg7 bxc4 61. f5 c3 62. f6 c2 63. f7 c1=Q 64. f8=Q+ Kd5 65. Qf5+ Kc4 66.
Qe6+ Kc3 67. Qf6+ Kb3 68. Qb6+ Ka2 69. Qa6+ Kb1 70. Qd3+ Qc2 71. Qf1+ Kb2 72.
Qb5+ Kc1 73. Qf1+ Kd2 74. Qf2+ Kd3 75. Qf5+ Kd2 76. Qf2+ Kc1 77. Qf1+ Kb2 78.
Qb5+ Ka2 79. Qa6+ Kb1 80. Qf1+ Qc1 81. Qd3+ Ka2 82. Qa6+ Qa3 83. Qc4+ Kb2 84.
Qe2+ Kb3 85. Qf3+ Ka2 86. Qd5+ Kb1 87. Qe4+ Kc1 1/2-1/2

[Event "Druzynowe Mistrzostwa Polski - II Liga 2023"]
[Site "Jastrzebia Gora"]
[Date "1899-12-30"]
[Round "3.39"]
[White "Stachanczyk, Jacek"]
[Black "Dalkowski, Rafal"]
[Result "1/2-1/2"]
[WhiteTitle "IM"]
[BlackTitle "k"]
[WhiteElo "2126"]
[BlackElo "2079"]

1. e4 c5 2. Nf3 g6 3. d4 cxd4 4. Nxd4 Nc6 5. c4 Nf6 6. Nc3 Nxd4 7. Qxd4 d6 8. Be3
Bg7 9. f3 O-O 10. Qd2 Be6 11. Rc1 Qa5 12. b3 Rfc8 13. Bd3 Nd7 14. Ne2 Qxd2+ 15.
Kxd2 Nc5 16. Bc2 a5 17. Nf4 Rab8 18. Nxe6 fxe6 19. h4 b5 20. cxb5 Rxb5 21. Bd3
Rbb8 22. Bc4 Kf7 23. h5 a4 24. hxg6+ hxg6 25. Rb1 Ra8 26. Rhc1 axb3 27. axb3 Ra2+
28. Rc2 Rxc2+ 29. Kxc2 Na6 30. Kd1 Nb4 31. Bd2 d5 32. Bxb4 dxc4 33. bxc4 Rxc4
34. Kd2 Rc7 35. Ba5 Rc5 36. Bb6 Rc4 37. Be3 Ra4 38. Rc1 Ra3 39. Rc2 Rb3 40. Ke2
Rb4 41. Kf2 Ra4 42. Rc5 Ra2+ 43. Kg3 Re2 44. Bg1 Re1 45. Bf2 Re2 46. Rb5 Bc3 47.
Ba7 Kf6 48. Rb7 Rc2 49. Bb8 Re2 50. Kh3 Re1 51. Bg3 Re2 52. Bc7 Bd4 53. Rb5 1/2-1/2

[Event "Druzynowe Mistrzostwa Polski - II Liga 2023"]
[Site "Jastrzebia Gora"]
[Date "1899-12-30"]
[Round "3.40"]
[White "Haliniak, Wojciech"]
[Black "Musial, Igor"]
[Result "0-1"]
[WhiteTitle "I"]
[BlackTitle "I+"]
[WhiteElo "1870"]
[BlackElo "2021"]

1. e4 c5 2. Nf3 d6 3. d4 cxd4 4. Nxd4 Nf6 5. f3 e5 6. Nb3 Be7 7. c4 a5 8. Be3 a4
9. Nc1 O-O 10. Ne2 Nc6 11. Nec3 Qa5 12. Qd2 Be6 13. Be2 Bd8 14. Nb5 Bb6 15. Qxa5
Bxa5+ 16. Kf2 Bb4 17. Rd1 Rfd8 18. N1c3 Kf8 19. Nc7 Ra5 20. a3 Bc5 21. Bxc5 dxc5
22. Nxe6+ fxe6 23. Rxd8+ Nxd8 24. Bd1 Nc6 25. Nxa4 Nd7 26. Rb1 b5 27. cxb5 Rxb5
28. Be2 Ra5 29. Nc3 Nd4 30. a4 Ke7 31. b4 cxb4 32. Rxb4 Nc5 33. Bb5 Kd6 34. Rc4
h6 35. Ke3 g5 36. g3 Ra8 37. f4 gxf4+ 38. gxf4 exf4+ 39. Kxf4 e5+ 40. Kg3 Rf8
41. a5 Ra8 42. a6 Nxa6 43. Ra4 Rg8+ 44. Kh3 Nc5 45. Ra7 Nce6 46. Ra6+ Kc5 47.
Ne2 Nxe2 48. Bxe2 Nf4+ 49. Kh4 Nxe2 50. Kh5 Kd4 51. Ra4+ Ke3 52. h4 Nf4+ 53. Kxh6
Rg6+ 54. Kh7 Rg4 55. Kh6 Rxh4+ 56. Kg5 Rh8 57. Kf5 Nd3 58. Rc4 Rh4 59. Ra4 Rf4+
0-1

[Event "Druzynowe Mistrzostwa Polski - II Liga 2023"]
[Site "Jastrzebia Gora"]
[Date "1899-12-30"]
[Round "3.41"]
[White "Krol, Rafal"]
[Black "Suska, Szymon"]
[Result "1-0"]
[WhiteTitle "I++"]
[BlackTitle "I+"]
[WhiteElo "2018"]
[BlackElo "2058"]

1. Nf3 c5 2. g3 Nf6 3. Bg2 g6 4. c4 Bg7 5. d4 cxd4 6. Nxd4 O-O 7. O-O Nc6 8. Nc3
Nxd4 9. Qxd4 d6 10. Qh4 Rb8 11. Bg5 Be6 12. b3 a6 13. Rad1 Qc7 14. Rc1 Rfe8 15.
c5 Ng4 16. cxd6 Qxd6 17. Rfd1 Qb6 18. Ne4 Rbc8 19. h3 Nf6 20. Nxf6+ exf6 21. Bxf6
Bxf6 22. Qxf6 Rxc1 23. Rxc1 Qa5 24. Qb2 b5 25. h4 h5 26. Bf3 Rd8 27. Kg2 b4 28.
Qf6 Rd2 29. Rc6 Qxa2 30. Rxe6 fxe6 31. Qxg6+ Kf8 32. Qf6+ Kg8 33. Bxh5 Qc2 34.
Qf7+ Kh8 35. Bg6 Qc6+ 36. Kh2 Qd7 37. Qf8# 1-0

[Event "Druzynowe Mistrzostwa Polski - II Liga 2023"]
[Site "Jastrzebia Gora"]
[Date "1899-12-30"]
[Round "3.42"]
[White "Matskevich, Varvara"]
[Black "Pluta, Natalia"]
[Result "0-1"]
[WhiteTitle "I++"]
[BlackTitle "I++"]
[WhiteElo "1690"]
[BlackElo "1823"]

1. d4 d5 2. c4 e6 3. Nc3 c6 4. e4 dxe4 5. Nxe4 Nf6 6. Nc3 c5 7. d5 exd5 8. cxd5
Bd6 9. Bb5+ Bd7 10. Bc4 O-O 11. Bg5 Qe8+ 12. Qe2 Ng4 13. Ne4 Be7 14. Bf4 b5 15.
Bb3 c4 16. Bc2 Bb4+ 17. Kf1 f5 18. Ng3 Qf7 19. Qf3 Qf6 20. Rb1 Re8 21. N1e2 Bc5
22. Nh5 Qf7 23. Nhg3 Nxf2 24. Rg1 Ng4 25. Rh1 Na6 26. a3 Be3 27. h3 Bxf4 28. hxg4
Bxg3 29. Nxg3 fxg4 30. Bxh7+ Kf8 31. Qxf7+ Kxf7 32. Ne4 Re5 33. Rd1 g6 34. Nc3
Kg7 35. Kf2 Rh8 36. Bxg6 Rxh1 37. Rxh1 Kxg6 38. Rh8 Re8 39. Rxe8 Bxe8 40. Ke3
Kf5 41. Kd4 Bd7 42. g3 Nc7 43. Ne4 Nxd5 44. Nd6+ Ke6 45. Nb7 Nf6 46. Ke3 Nd5+
47. Kd4 Ne7 48. Nc5+ Kd6 49. Ne4+ Kc6 50. Ke5 Nd5 51. Kd4 Bf5 52. Ng5 a5 53. Nf7
Nb6 54. Ne5+ Kd6 55. Nf7+ Ke7 56. Ne5 Na4 57. Nc6+ Kd6 58. Nxa5 Nxb2 59. Nb7+
Kc6 60. Nd8+ Kb6 61. Nf7 Nd1 62. Nd6 c3 63. Nxf5 c2 0-1

[Event "Druzynowe Mistrzostwa Polski - II Liga 2023"]
[Site "Jastrzebia Gora"]
[Date "1899-12-30"]
[Round "3.43"]
[White "Lagowski, Patryk"]
[Black "Romanishin, Oleg M"]
[Result "1/2-1/2"]
[WhiteTitle "IM"]
[BlackTitle "GM"]
[WhiteElo "2333"]
[BlackElo "2385"]

1. d4 Nf6 2. c4 e6 3. Nf3 Bb4+ 4. Bd2 c5 5. Bxb4 cxb4 6. e3 b6 7. Nbd2 Bb7 8. Bd3
O-O 9. Qc2 d5 10. cxd5 Qxd5 11. e4 Qc6 12. Qb1 h6 13. O-O Qd7 14. Rc1 Qe7 15.
a3 Nc6 16. Bb5 Na5 17. Qd3 Rfc8 18. Ba4 bxa3 19. bxa3 1/2-1/2

[Event "Druzynowe Mistrzostwa Polski - II Liga 2023"]
[Site "Jastrzebia Gora"]
[Date "1899-12-30"]
[Round "3.44"]
[White "Steczek, Marcin"]
[Black "Chomczyk, Marek"]
[Result "1/2-1/2"]
[WhiteTitle "FM"]
[BlackTitle "k++"]
[WhiteElo "2350"]
[BlackElo "2290"]

1. d4 Nf6 2. c4 g6 3. Nc3 Bg7 4. e4 d6 5. Be2 O-O 6. Bg5 c5 7. d5 h6 8. Bd2 e6
9. Nf3 exd5 10. exd5 b5 11. Nxb5 Ne4 12. Nc3 Bf5 13. O-O Re8 14. Rc1 Nxd2 15.
Qxd2 Nd7 16. h3 Be4 17. Nxe4 Rxe4 18. Bd3 Re8 19. Rfe1 Ne5 20. Be2 Nxf3+ 21. Bxf3
Qh4 22. Re2 Rxe2 23. Qxe2 Bd4 24. Rc2 a5 25. Bg4 Kg7 26. Kh2 h5 27. Bf3 Ra7 28.
g3 Qf6 29. Kg2 Re7 30. Qd2 a4 31. b4 axb3 32. axb3 h4 33. g4 Rb7 34. Qd3 Be5 35.
Qe3 Bd4 36. Qd3 Qf4 37. Qd2 Qxd2 38. Rxd2 Rxb3 39. Be2 Ra3 40. Rd3 Ra2 41. Kf1
Rc2 42. Rf3 Rc1+ 1/2-1/2

[Event "Druzynowe Mistrzostwa Polski - II Liga 2023"]
[Site "Jastrzebia Gora"]
[Date "1899-12-30"]
[Round "3.45"]
[White "Budnik, Mateusz"]
[Black "Bednarek, Sylwester"]
[Result "0-1"]
[WhiteTitle "k"]
[BlackTitle "FM"]
[WhiteElo "1969"]
[BlackElo "2268"]

1. Nf3 Nf6 2. b3 g6 3. Bb2 Bg7 4. e3 O-O 5. Be2 d6 6. O-O e5 7. c4 Re8 8. d4 e4
9. Nfd2 h5 10. Re1 Bf5 11. Nf1 Nbd7 12. Ng3 Bg4 13. Nc3 Bxe2 14. Qxe2 h4 15. Nf1
h3 16. gxh3 Nf8 17. Ng3 N8h7 18. h4 Qd7 19. f3 exf3 20. Qxf3 Qh3 21. Nb5 Ng4 22.
Re2 Rxe3 23. Qg2 Qxh4 24. Nxc7 Ng5 25. Rf1 Rf8 26. Nd5 Rd3 27. Nf4 Ne3 28. Nxd3
Nxg2 29. Kxg2 Bxd4 30. Bxd4 Qxd4 31. Nf4 Qh8 32. Nd5 Qh3+ 33. Kg1 Kg7 34. Rg2
Qh4 35. Rf4 Qh3 36. Rf1 f6 37. Rgf2 Qh4 38. Rxf6 Qd4+ 39. Kg2 Rxf6 40. Rxf6 Qg4
41. Rf4 Qh3+ 42. Kg1 Qe6 43. Kg2 b5 44. Rf2 bxc4 45. bxc4 Qh3+ 46. Kg1 Qc8 47.
Rc2 Qg4 48. Kf2 Qd1 49. Re2 Qd4+ 50. Ne3 Qf4+ 51. Ke1 Nf3+ 52. Kd1 Qd4+ 53. Kc2
Qa1 54. Kd3 Qb1+ 55. Kc3 Qa1+ 56. Kd3 Qb1+ 57. Kc3 a5 58. Ngf1 Qa1+ 59. Kd3 Qd4+
60. Kc2 Qe4+ 61. Kc3 d5 62. cxd5 Qb4+ 63. Kd3 Qb5+ 64. Nc4 Qxd5+ 65. Ke3 Nd4 66.
Nfd2 Nxe2 67. Kxe2 Qg2+ 68. Kd3 a4 69. Kc3 Qxh2 70. Kb4 g5 71. Kxa4 g4 72. Kb5
g3 73. a4 Qh5+ 0-1

[Event "Druzynowe Mistrzostwa Polski - II Liga 2023"]
[Site "Jastrzebia Gora"]
[Date "1899-12-30"]
[Round "3.46"]
[White "Smagalski, Slawomir"]
[Black "Celinski, Kamil"]
[Result "0-1"]
[WhiteTitle "I++"]
[BlackTitle "I++"]
[WhiteElo "1942"]
[BlackElo "1841"]

1. Nf3 c5 2. c4 Nc6 3. g3 g6 4. Bg2 Bg7 5. Nc3 e5 6. d3 Nge7 7. O-O d6 8. Bd2 O-O
9. a3 a5 10. Ne1 Be6 11. Nc2 d5 12. cxd5 Nxd5 13. Ne3 Nxe3 14. Bxe3 Nd4 15. Rb1
Qd7 16. Re1 Ra6 17. Ne4 Rc8 18. Rc1 Rac6 19. Bxd4 exd4 20. Qd2 b6 21. Ng5 Bd5
22. Bh3 f5 23. f4 Re8 24. Bg2 Re3 25. Qc2 h6 26. Bxd5+ Qxd5 27. Nf3 Rce6 28. Kf2
Kh7 29. Qc4 Qd7 30. Nh4 Qe8 31. Rc2 Re7 32. Ng2 R3e6 33. Qd5 Qf7 34. Qc4 g5 35.
h4 Qh5 36. Qd5 Qf7 37. Qc4 Qf6 38. hxg5 hxg5 39. Rh1+ Bh6 40. Qd5 Kg7 41. b4 Qf7
42. Qc4 Qe8 43. Re1 Rc7 44. bxa5 gxf4 45. gxf4 Rg6 46. Qd5 Bxf4 47. Rh1 Bg3+ 48.
Kf1 bxa5 49. Rxc5 Rd7 50. Qf3 Qb8 51. Rc1 Rc7 52. Rd1 Qb3 53. e3 Rc2 54. Qh5 Rf2+
55. Kg1 Rxg2+ 56. Kxg2 Qc2+ 57. Kh3 Be1 58. Qxg6+ Kxg6 59. Rhxe1 dxe3 60. d4 Qe4
61. d5 e2 62. Rb1 Kf6 63. Rb6+ Kf7 64. Re6 Qf3+ 0-1

[Event "Druzynowe Mistrzostwa Polski - II Liga 2023"]
[Site "Jastrzebia Gora"]
[Date "1899-12-30"]
[Round "3.47"]
[White "Jedynak, January"]
[Black "Walaszczyk, Witold"]
[Result "0-1"]
[WhiteTitle "I++"]
[BlackTitle "k"]
[WhiteElo "1846"]
[BlackElo "1945"]

1. e4 c6 2. d4 d5 3. exd5 cxd5 4. Bd3 Nc6 5. c3 Qc7 6. Ne2 Bg4 7. f3 Bd7 8. Bf4
Qb6 9. Nd2 Nf6 10. O-O e5 11. Be3 Bd6 12. Bf2 Qc7 13. Re1 O-O 14. Nf1 e4 15. Bc2
exf3 16. gxf3 Rfe8 17. Qd3 Ne7 18. Neg3 Ng6 19. Ne3 Nf4 20. Qd2 g6 21. Ng2 N6h5
22. Ne3 Nh3+ 23. Kg2 N5f4+ 24. Kh1 Qd8 25. Ng2 Qg5 26. Be3 h5 27. Nxf4 Bxf4 28.
Bxf4 Nxf4 29. Rg1 Bh3 30. Ne4 Qh4 31. Ng3 Ne2 32. Nxe2 Qf2 33. Qf4 Rxe2 34. Qg3
Qxg3 35. Rxg3 Rxc2 36. Rxh3 Rxb2 37. Re1 Rxa2 38. Re5 Rc8 39. f4 Rc2 40. f5 R8xc3
41. Rxc3 Rxc3 42. fxg6 fxg6 43. Rxd5 Rc7 44. Kg2 Kf7 45. Rd6 a5 46. Kf3 a4 47.
Rd5 Rc2 48. h4 a3 49. Rd7+ Ke6 50. Rxb7 Kd5 51. Ra7 a2 52. Ra4 Rh2 53. Kg3 Rd2
54. Kh3 Ke4 55. Kg3 Kd3 56. Kf4 Kc3 57. Kg5 Kb3 58. Ra8 Rxd4 59. Kxg6 Rxh4 60.
Kg5 Ra4 0-1

[Event "Druzynowe Mistrzostwa Polski - II Liga 2023"]
[Site "Jastrzebia Gora"]
[Date "1899-12-30"]
[Round "3.48"]
[White "Bukowska, Katarzyna"]
[Black "Kopica, Paulina"]
[Result "0-1"]
[WhiteTitle "k++"]
[BlackTitle "k"]
[WhiteElo "1732"]
[BlackElo "1895"]

1. e4 e6 2. d4 d5 3. Nd2 a6 4. Ngf3 c5 5. dxc5 Bxc5 6. Bd3 Nc6 7. O-O Nge7 8. exd5
exd5 9. Nb3 Bb6 10. Re1 h6 11. c3 O-O 12. Bf4 Bg4 13. h3 Bh5 14. Bc2 Rc8 15. Rc1
Ng6 16. Qd3 Bxf3 17. Qxf3 Qf6 18. Bg3 Qxf3 19. gxf3 d4 20. Be4 dxc3 21. Rxc3 Rfe8
22. Rd1 Nge7 23. Rd7 f5 24. Bxc6 bxc6 25. Rd6 Bc7 26. Rd4 f4 27. Bh2 Be5 28. Rxf4
Bxf4 29. Bxf4 Nd5 30. Rc4 Nxf4 31. Rxf4 Re2 32. Ra4 Rxb2 33. Rxa6 c5 34. Ra7 c4
35. Nd4 c3 0-1

[Event "Druzynowe Mistrzostwa Polski - II Liga 2023"]
[Site "Jastrzebia Gora"]
[Date "1899-12-30"]
[Round "3.49"]
[White "Seifert, Henryk"]
[Black "Mondrzycki, Bartlomiej"]
[Result "0-1"]
[WhiteTitle "FM"]
[BlackTitle "CM"]
[WhiteElo "2106"]
[BlackElo "2208"]

1. e4 c5 2. Nf3 d6 3. c3 Nf6 4. Be2 g6 5. O-O Bg7 6. d3 O-O 7. Nbd2 e5 8. b4 Na6
9. a3 Re8 10. b5 Nc7 11. a4 d5 12. Qc2 h6 13. Nb3 b6 14. Rd1 Bb7 15. Nfd2 Qd7
16. c4 dxe4 17. dxe4 Ne6 18. f3 Nd4 19. Qd3 Rad8 20. Nxd4 exd4 21. a5 Qc7 22.
axb6 axb6 23. g3 h5 24. Nf1 Nxe4 25. fxe4 Bxe4 26. Bf4 Qc8 27. Qd2 d3 0-1

[Event "Druzynowe Mistrzostwa Polski - II Liga 2023"]
[Site "Jastrzebia Gora"]
[Date "1899-12-30"]
[Round "3.50"]
[White "Bronowicki, Mateusz"]
[Black "Malik, Maciej"]
[Result "1/2-1/2"]
[WhiteTitle "FM"]
[BlackTitle "k"]
[WhiteElo "2189"]
[BlackElo "2023"]

1. b3 Nf6 2. Bb2 g6 3. Bxf6 exf6 4. c4 Bg7 5. Nc3 f5 6. Rc1 Nc6 7. g3 h5 8. h4
Ne5 9. Bg2 O-O 10. Nh3 a6 11. d4 Ng4 12. Qd2 Rb8 13. O-O Bh6 14. Nf4 g5 15. f3
Ne3 16. Qxe3 gxf4 17. Qf2 fxg3 18. Qxg3+ Kh7 19. Nd5 Rg8 20. Qxc7 Be3+ 21. Kh1
Qxc7 22. Nxc7 Bxc1 23. Rxc1 d6 24. Nd5 Kh6 25. Bh3 Be6 26. Nf4 Rbe8 27. b4 Bc8
28. c5 dxc5 29. bxc5 1/2-1/2

[Event "Druzynowe Mistrzostwa Polski - II Liga 2023"]
[Site "Jastrzebia Gora"]
[Date "1899-12-30"]
[Round "3.51"]
[White "Spyra, Piotr"]
[Black "Zareba, Radoslaw"]
[Result "1-0"]
[WhiteTitle "I"]
[BlackTitle "k"]
[WhiteElo "1850"]
[BlackElo "2102"]

1. e4 d6 2. d4 g6 3. Nc3 Bg7 4. Be2 c6 5. a4 Nd7 6. h4 h5 7. Nf3 Qc7 8. Bf4 e5
9. dxe5 dxe5 10. Be3 Ngf6 11. Ng5 b6 12. a5 O-O 13. axb6 Nxb6 14. O-O Bb7 15.
Na4 Nxa4 16. Rxa4 c5 17. f3 Rfd8 18. Qa1 a5 19. Bc4 Rd7 20. Rd1 Re7 21. Bd2 Bc6
22. Rxa5 Rd8 23. Bc3 Rxd1+ 24. Qxd1 Rd7 25. Qe2 Bf8 26. Ra6 Nh7 27. Bxf7+ Rxf7
28. Nxf7 Kxf7 29. Qc4+ Ke8 30. Qe6+ 1-0

[Event "Druzynowe Mistrzostwa Polski - II Liga 2023"]
[Site "Jastrzebia Gora"]
[Date "1899-12-30"]
[Round "3.52"]
[White "Piotrowski, Przemyslaw"]
[Black "Wodecki, Daniel"]
[Result "1-0"]
[WhiteTitle "FM"]
[BlackTitle "I"]
[WhiteElo "2258"]
[BlackElo "1905"]

1. d4 Nf6 2. g3 d5 3. Nf3 c6 4. Bg2 Bf5 5. O-O e6 6. c4 Bd6 7. Nc3 h6 8. b3 Nbd7
9. Bb2 O-O 10. Nd2 Bb4 11. a3 Bxc3 12. Bxc3 Ne4 13. Nxe4 Bxe4 14. f3 Bg6 15. e4
Nf6 16. e5 Nd7 17. Bb4 Re8 18. Bd6 f6 19. exf6 Qxf6 20. f4 Qf7 21. Rc1 Nf6 22.
Be5 Rad8 23. Bxf6 Qxf6 24. c5 Be4 25. Qd2 Rd7 26. Rce1 Red8 27. Rf2 Qg6 28. Rfe2
Bf5 29. Re5 h5 30. Bf3 Kf7 31. Qg2 b6 32. Rc1 Rc7 33. h3 bxc5 34. Rxc5 Rb8 35.
b4 Rb5 36. Bxh5 Qxh5 37. g4 Rxc5 38. gxh5 Rc1+ 39. Kh2 Rc3 40. Rxf5+ exf5 41.
Qg6+ Kf8 42. Qxf5+ Ke8 43. Qg6+ Kd8 44. Qd6+ Rd7 45. Qf8+ Kc7 46. f5 Re3 47. h6
gxh6 48. f6 Rf3 49. Kg2 Rf5 50. Kg3 h5 51. Kh4 a6 52. a4 Kb7 53. Qe8 Kc7 54. Qg6
Rf3 55. a5 Kb7 56. Qe8 Kc7 57. Qe5+ Rd6 58. Kg5 Rxh3 59. f7 Rf3 60. Qe7+ 1-0

[Event "Druzynowe Mistrzostwa Polski - II Liga 2023"]
[Site "Jastrzebia Gora"]
[Date "1899-12-30"]
[Round "3.53"]
[White "Kotula, Pawel"]
[Black "Stelmaszuk, Maciej"]
[Result "1/2-1/2"]
[WhiteTitle "I"]
[BlackTitle "I+"]
[WhiteElo "1712"]
[BlackElo "1944"]

1. e4 c6 2. d4 d5 3. e5 c5 4. dxc5 Nc6 5. a3 a5 6. Nf3 Bg4 7. Be2 e6 8. Be3 Nge7
9. c3 Bxf3 10. Bxf3 Ng6 11. Nd2 Ngxe5 12. b4 axb4 13. axb4 Be7 14. Be2 Bf6 15.
O-O O-O 16. Qb3 Rxa1 17. Rxa1 d4 18. cxd4 Nxd4 19. Bxd4 Qxd4 20. Rd1 Ra8 21. Nf3
Qe4 22. Kf1 Nc6 23. b5 1/2-1/2

[Event "Druzynowe Mistrzostwa Polski - II Liga 2023"]
[Site "Jastrzebia Gora"]
[Date "1899-12-30"]
[Round "3.54"]
[White "Zdziarska-zareba, Lidia"]
[Black "Szymura, Oliwia"]
[Result "1-0"]
[WhiteTitle "k+"]
[BlackTitle "II+"]
[WhiteElo "1806"]
[BlackElo "1176"]

1. e4 e5 2. Nf3 Nc6 3. Bc4 Bc5 4. c3 d6 5. h3 Nf6 6. d3 h6 7. O-O O-O 8. Re1 Bb6
9. Bb3 Re8 10. Nbd2 d5 11. exd5 Nxd5 12. Nc4 f6 13. d4 e4 14. Nfd2 f5 15. Qh5
Kh8 16. Nxb6 Nxb6 17. Nxe4 Be6 18. Bxh6 Kg8 19. Qg6 Qe7 20. Bxe6+ Kf8 21. Qxf5+
Qf6 22. Qxf6# 1-0

[Event "Druzynowe Mistrzostwa Polski - II Liga 2023"]
[Site "Jastrzebia Gora"]
[Date "1899-12-30"]
[Round "3.55"]
[White "Rudolf, Michal"]
[Black "Jaskolka, Tomasz"]
[Result "1-0"]
[WhiteTitle "FM"]
[BlackTitle "CM"]
[WhiteElo "2287"]
[BlackElo "2228"]

1. e4 c5 2. Nf3 e6 3. d4 cxd4 4. Nxd4 Nc6 5. Nc3 Qc7 6. Be3 a6 7. Qf3 Nf6 8. O-O-O
Ne5 9. Qg3 b5 10. f4 Neg4 11. Bg1 h5 12. e5 b4 13. Na4 Nd5 14. h3 Nh6 15. f5 h4
16. Qe1 Qa5 17. b3 Nc3 18. Nxc3 bxc3 19. Kb1 Bb4 20. a4 Bb7 21. Bd3 Bxg2 22. Rh2
Bd5 23. Be4 Rb8 24. Bxd5 exd5 25. e6 Bd6 26. Rg2 Bg3 27. Rxg3 hxg3 28. Qxg3 Qb4
29. Qxg7 Qf8 30. Qe5 Rb7 31. e7 Qg8 32. Qxd5 Rb8 33. Nc6 Rb7 34. Na5 Rc7 35. f6
1-0

[Event "Druzynowe Mistrzostwa Polski - II Liga 2023"]
[Site "Jastrzebia Gora"]
[Date "1899-12-30"]
[Round "3.56"]
[White "Pulik, Krzysztof"]
[Black "Kaim, Piotr"]
[Result "0-1"]
[WhiteTitle "k"]
[BlackTitle "m"]
[WhiteElo "2074"]
[BlackElo "2161"]

1. e4 e5 2. Bc4 Nf6 3. d3 Nc6 4. Nc3 Na5 5. a3 Nxc4 6. dxc4 Bc5 7. Nf3 d6 8. h3
Be6 9. Qd3 a6 10. b3 Nd7 11. Be3 O-O 12. g4 Rb8 13. Bxc5 Nxc5 14. Qe3 b5 15. cxb5
axb5 16. Kf1 Qe7 17. Kg2 c6 18. a4 b4 19. Ne2 f6 20. Ng3 g6 21. Kh2 d5 22. Rhd1
d4 23. Qe2 d3 24. Rxd3 Nxd3 25. Qxd3 Rfd8 26. Qe3 c5 27. Rg1 Kh8 28. g5 c4 29.
gxf6 Qxf6 30. Ng5 Bg8 31. h4 Qf4 32. Qc5 Qxh4+ 33. Nh3 Qf6 34. bxc4 Be6 35. Rh1
Rd2 36. Kg2 Rxc2 37. Ng5 Qxg5 38. Qa7 Rxf2+ 39. Qxf2 Rd8 40. Re1 Bxc4 41. Kh1
Qh4+ 42. Kg1 Qf4 0-1

[Event "Druzynowe Mistrzostwa Polski - II Liga 2023"]
[Site "Jastrzebia Gora"]
[Date "1899-12-30"]
[Round "3.57"]
[White "Markowski, Damian"]
[Black "Wozniak, Maciej"]
[Result "1/2-1/2"]
[WhiteTitle "FM"]
[BlackTitle "k"]
[WhiteElo "2098"]
[BlackElo "1999"]

1. e4 c5 2. Nc3 Nc6 3. g3 g6 4. Bg2 Bg7 5. d3 d6 6. Nge2 e6 7. Be3 Nd4 8. O-O Ne7
9. Qd2 O-O 10. Rae1 Rb8 11. Nd1 b5 12. c3 Nxe2+ 13. Rxe2 b4 14. Bh6 bxc3 15. bxc3
Bxh6 16. Qxh6 Ba6 17. Rd2 Qa5 18. h4 Rb1 19. h5 Rfb8 20. Qf4 Qd8 21. Ne3 gxh5
22. Qh6 Ng6 23. f4 Rxf1+ 24. Bxf1 Qf8 25. Qxh5 Qg7 26. Rf2 Rb1 27. Kh2 1/2-1/2

[Event "Druzynowe Mistrzostwa Polski - II Liga 2023"]
[Site "Jastrzebia Gora"]
[Date "1899-12-30"]
[Round "3.58"]
[White "Wozniak, Marcin"]
[Black "Warszawski, Bartosz"]
[Result "0-1"]
[WhiteTitle "I++"]
[BlackTitle "m"]
[WhiteElo "1817"]
[BlackElo "2159"]

1. e4 c5 2. Nc3 Nc6 3. g3 g6 4. Bg2 Bg7 5. d3 d6 6. f4 Nf6 7. Nf3 O-O 8. O-O Rb8
9. Nh4 Nd4 10. f5 b5 11. Qd2 Bb7 12. h3 e5 13. Qf2 b4 14. Nd1 Nd7 15. c3 bxc3
16. bxc3 Nc6 17. Ne3 Ba6 18. Ng4 Nf6 19. Nh6+ Kh8 20. Qf3 Qa5 21. Bg5 Qxc3 22.
Ng4 Nd4 23. Qf2 Rb2 24. Nxf6 Rxf2 25. Nd5 Rxf1+ 26. Rxf1 Qxd3 27. f6 Ne2+ 28.
Kh2 Qxg3+ 29. Kh1 Qxg5 30. fxg7+ Kxg7 0-1

[Event "Druzynowe Mistrzostwa Polski - II Liga 2023"]
[Site "Jastrzebia Gora"]
[Date "1899-12-30"]
[Round "3.59"]
[White "Chalupnik, Marcin"]
[Black "Wozny, Tomasz"]
[Result "1-0"]
[WhiteTitle "k++"]
[BlackTitle "I"]
[WhiteElo "2085"]
[BlackElo "1757"]

1. e4 c5 2. Nf3 e6 3. d4 cxd4 4. Nxd4 a6 5. c4 Qc7 6. Nc3 Nc6 7. Nxc6 bxc6 8. Bd3
Nf6 9. O-O Be7 10. Be3 Rb8 11. b3 O-O 12. f4 d6 13. g4 g6 14. Qf3 Ne8 15. Rac1
Qa5 16. f5 Bf6 17. Bd2 Qd8 18. Ne2 Bg5 19. Bf4 e5 20. Be3 Qe7 21. Rf2 d5 22. cxd5
cxd5 23. exd5 Bb7 24. Nc3 Bxe3 25. Qxe3 Nf6 26. Qf3 Qa3 27. Rd1 Qb4 28. Bc4 Rbc8
29. Ne4 Nxe4 30. Qxe4 Qc3 31. Rdf1 g5 32. Rf3 Qb2 33. f6 Qd4+ 34. Qxd4 exd4 35.
Rd1 Rfd8 36. Rxd4 Rc5 37. Rf5 h6 38. Re5 Bc8 39. Re7 Rd6 40. b4 1-0

[Event "Druzynowe Mistrzostwa Polski - II Liga 2023"]
[Site "Jastrzebia Gora"]
[Date "1899-12-30"]
[Round "3.61"]
[White "Malisauskas, Vidmantas"]
[Black "Markiewicz, Jerzy"]
[Result "1-0"]
[WhiteTitle "GM"]
[BlackTitle "FM"]
[WhiteElo "2344"]
[BlackElo "2159"]

1. Nf3 d5 2. d4 e6 3. c4 c6 4. g3 dxc4 5. Bg2 b5 6. O-O Nf6 7. a4 Bb7 8. Ne5 Qc8
9. b3 cxb3 10. Qxb3 a6 11. Nd2 Nbd7 12. Ba3 c5 13. axb5 Bxg2 14. Kxg2 Nxe5 15.
dxe5 Nd7 16. bxa6 Rxa6 17. Bb2 Rb6 18. Qf3 Rxb2 19. Nc4 Rb8 20. Ra7 Be7 21. Rd1
Rf8 22. Rdxd7 Qxd7 23. Rxd7 Kxd7 24. Qa3 Rfc8 25. Qd3+ Kc7 26. Qxh7 Rb4 27. Ne3
Bg5 28. f4 Bh6 29. Qd3 g6 30. Qd6+ Kb7 31. Qe7+ Rc7 32. Qd8 c4 33. Nc2 Rb2 34.
Qd4 c3 35. Kf3 Bf8 36. h4 Kc8 37. Qd3 Bb4 38. g4 Rd7 39. Qc4+ Rc7 40. Qe4 Kd7
41. Nxb4 Rxb4 42. Qxb4 c2 43. Qd2+ 1-0

[Event "Druzynowe Mistrzostwa Polski - II Liga 2023"]
[Site "Jastrzebia Gora"]
[Date "1899-12-30"]
[Round "3.62"]
[White "Zaskalski, Arkadiusz"]
[Black "Kot, Jerzy"]
[Result "1-0"]
[WhiteTitle "k"]
[BlackTitle "FM"]
[WhiteElo "2085"]
[BlackElo "1889"]

1. Nf3 g6 2. c4 Bg7 3. d4 c5 4. g3 Nf6 5. Nc3 Qa5 6. Qd3 O-O 7. Bg2 d5 8. cxd5
Nxd5 9. O-O Nb4 10. Qb5 Qxb5 11. Nxb5 N8a6 12. dxc5 Nxc5 13. Nc7 Rb8 14. Bf4 Nc6
15. Nb5 e5 16. Be3 b6 17. Nd2 Bd7 18. Rac1 a6 19. Nc7 Rfc8 20. Nd5 Kf8 21. Nxb6
Nd4 22. Bxd4 exd4 23. Nxc8 Rxc8 24. Ne4 Na4 25. Rxc8+ Bxc8 26. b3 Nc3 27. Nxc3
dxc3 28. Be4 f5 29. Bc2 Ke7 30. Rd1 Bb7 31. f3 Bf6 32. Kf2 Ke6 33. Ke3 a5 34.
Bd3 Bc6 35. Bc4+ Ke7 36. Kd3 g5 37. Kc2 h5 38. a4 Be5 39. Bb5 Ba8 40. Rd7+ Kf6
41. Ra7 Bd5 42. Bc4 Bxc4 43. bxc4 g4 44. Ra6+ Kg7 45. Rxa5 1-0